Conferencias sobre el derecho internacional (Record no. 47427)
[ view plain ]
| 000 -LEADER | |
|---|---|
| campo de control de longitud fija | 00998nam a2200229 i 4500 |
| 001 - NÚMERO DE CONTROL | |
| campo de control | 47427 |
| 003 - IDENTIFICADOR DE NÚMERO DE CONTROL | |
| campo de control | ES-MaACL |
| 005 - FECHA Y HORA DE LA ÚLTIMA TRANSACCIÓN | |
| campo de control | 20251013063051.0 |
| 007 - CAMPO FIJO DE DESCRIPCIÓN FÍSICA--INFORMACIÓN GENERAL | |
| campo de control de longitud fija | t| |
| 008 - DATOS DE LONGITUD FIJA--INFORMACIÓN GENERAL | |
| campo de control de longitud fija | 030425s1871 sp ||||1| spa d |
| 100 1# - ENTRADA PRINCIPAL--NOMBRE DE PERSONA | |
| Nombre de persona | Negrín, Ignacio de, |
| Fechas asociadas al nombre | 1830-1885 |
| 9 (RLIN) | 85306 |
| 245 10 - MENCIÓN DEL TÍTULO | |
| Título | Conferencias sobre el derecho internacional |
| Resto del título | : dadas en el Ateneo Militar del Ejercito y Armada / |
| Mención de responsabilidad, etc. | por Ignacio de Negrín. |
| 260 ## - PUBLICACIÓN, DISTRIBUCIÓN, ETC. | |
| Lugar de publicación, distribución, etc. | [S.l. : |
| Nombre del editor, distribuidor, etc. | s.n., |
| Fecha de publicación, distribución, etc. | 1871 ?] |
| 300 ## - DESCRIPCIÓN FÍSICA | |
| Extensión | 91 p. ; |
| Dimensiones | 25 cm. |
| 500 ## - NOTA GENERAL | |
| Nota general | Tit. y aut. tomados de cub. |
| 500 ## - NOTA GENERAL | |
| Nota general | En cub. consta el año de la serie, 1871. |
| 505 8# - NOTA DE CONTENIDO CON FORMATO | |
| Nota de contenido con formato | Contiene: El derecho internacional ante la ciencia y la historia. 1ª Conferencia. El corso como instrumento de la guerra marítima. Segunda conf. De la inmunidad en el mar de la propiedad privada. Quinta conf. |
| 650 #7 - PUNTO DE ACCESO ADICIONAL DE MATERIA--TÉRMINO DE MATERIA | |
| Término de materia o nombre geográfico como elemento de entrada | Derecho marítimo internacional |
| Fuente del encabezamiento o término | embne |
| 9 (RLIN) | 11734 |
| 710 2# - ENTRADA AGREGADA--NOMBRE DE ENTIDAD CORPORATIVA | |
| Nombre de entidad corporativa o nombre de jurisdicción como elemento de entrada | Ateneo del Ejército y de la Armada (Madrid) |
| 9 (RLIN) | 134158 |
| 852 ## - LOCALIZACIÓN | |
| Ubicación | ES-MaACL |
| Número de control de estantería | T-163-F-7 |
| Estatus retirado | Estado de pérdida | Estado de daño | No para préstamo | Colección | Biblioteca de origen | Biblioteca actual | Ubicación en estantería | Fecha de adquisición | Fuente de adquisición | Total de préstamos | Signatura topográfica completa | Código de barras | Visto por última vez | Precio de reemplazo | Tipo de ítem Koha |
|---|---|---|---|---|---|---|---|---|---|---|---|---|---|---|---|
| Colección de folletos | Biblioteca del Ateneo de Madrid | Biblioteca del Ateneo de Madrid | Depósito folletos | 17/01/2008 | T-163-F-7 | 1049898 | 23/02/2023 | 23/02/2023 | Folleto |
